000 00696nam a2200241 a 4500
001 0001-1327
003 ELIB.Books
008 150806 2010 eng
020 _a9786021794203
035 _a(ELIB.Books)0001-1482
092 _a230.082
_bAFT
100 _aAsian Feminist Theologies
245 _aLeadership, Power, Authority
_bIntroduction to an Asian Feminist Leadership
260 _aYogyakarta
_bAsian Women's Resource centre for Culture and Theology
_c2013
300 _a192
_c21 cM
500 _aDr. Min Oo
650 _aFeminism
856 _nKBTS: Library
_uKBTS: Elib
942 _2ddc
_cBK
990 _a1
998 _cbat
_e2015-08-06
999 _c11327
_d11327